| 000 | 01017cam a2200337 a 4500 | ||
|---|---|---|---|
| 001 | 6277 | ||
| 003 | FISKH | ||
| 005 | 20250408102148.0 | ||
| 008 | 090105s2009 nyua b 000 1 eng | ||
| 010 | _a 2008055403 | ||
| 020 | _a9781935179016 | ||
| 040 |
_aDLC _cDLC _dDLC |
||
| 050 | _aPZ7.S64 L | ||
| 082 | _a741.5 | ||
| 100 | 1 |
_aSmith, Jeff, _d1960 February 27- |
|
| 245 | 1 | 0 |
_aLittle mouse gets ready : _cA Toon book by Jeff Smith |
| 260 |
_aNew York : _bToon Books, _c2009. |
||
| 300 |
_a31 pages : _bcolor illustrations ; _c16 x 23 cm. |
||
| 500 | _a"A Junior Library Guild selection | ||
| 505 | _aH | ||
| 520 | _aLittle Mouse gets dressed to go to the barn with his mother, brothers, and sisters. | ||
| 521 | 8 |
_a440
_bLexile |
|
| 521 | 8 |
_aH
_bRaz-Plus |
|
| 650 | 1 | _aGraphic novels. | |
| 650 | 1 |
_aMice _vFiction. |
|
| 650 | 1 |
_aClothing and dress _vFiction. |
|
| 655 | 0 | _aGraphic novels. | |
| 906 |
_a7 _bcbc _corignew _d1 _eecip _f20 _gy-gencatlg |
||
| 942 |
_2ddc _cBK _n0 |
||
| 999 |
_c6277 _d6277 |
||